|
|
|
|
| LEADER |
00000nab a2200000uu 4500 |
| 001 |
vtls011451082 |
| 003 |
SK-MaSNL |
| 005 |
20260303153947.0 |
| 008 |
230222|2007 xo |||||||||||||||||eng| |
| 015 |
|
|
|a SNBRB
|
| 035 |
|
|
|a (urnnbn)urn:nbn:sk:snk:ar-006kbm
|
| 035 |
|
|
|a (uuid)594010a3-9591-4a0e-921e-7f79796c962b
|
| 035 |
|
|
|a urn:nbn:sk:snk-abcn4h
|
| 040 |
|
|
|a SNKBUCL
|b slo
|c SNKBUCL
|e AACR2
|
| 041 |
0 |
|
|a eng
|
| 044 |
|
|
|a xo
|c SK
|
| 100 |
1 |
|
|a Koprowski, Przemysław
|4 aut
|9 1176364
|
| 245 |
1 |
0 |
|a ON EXISTENCE OF TAME HARRISON MAP
|c Przemysław Koprowski
|
| 773 |
0 |
|
|t Mathematica Slovaca
|g Roč. 57, č. 5 (2007), s. [407]-414
|
| 958 |
|
|
|a OND
|
| 958 |
|
|
|a EUIPO
|
| 958 |
|
|
|a article16
|
| 999 |
|
|
|c 2031007
|d 2032937
|